00341nam a2200133Ia 4500008004100000020001500041041001200056082001100068100001400079245004700093260004400140300000800184650001500192221030s9999 xx 000 0 und d a8178815001 aEnglish a105.23 aK. Suresh 0aEffective B2B Marketing - Concepts & Cases bICFAI University PressaHyderabadc2005 a217 aManagement